| 000 | 00834nas a2200253 4500 | ||
|---|---|---|---|
| 001 | BR0802254 | ||
| 003 | BR-BrBNA | ||
| 005 | 20231205111938.0 | ||
| 007 | ta | ||
| 008 | 230509b bl.|||p| |||| 00| 00por d | ||
| 040 |
_aBR-BrBNA _bpor _cBiblioteca Nacional de Agricultura |
||
| 041 | _a(Pt) | ||
| 072 | _aL02; L20 | ||
| 100 | 1 | _aRocha, L. da | |
| 100 | 1 | _aRedaelli, L.R. | |
| 100 | 1 | _aSteiner, M.G. | |
| 245 | 1 | _aExtração de alimento por Cosmoclopius migroannulatus Stal (Hemiptera: Reduviidae)de ninfas de Spartocerra dentiventris (Berg)(Hemiptera: Coreidae) | |
| 650 | _aINSETO | ||
| 650 | _aPREDADOR | ||
| 650 | _aALIMENTAÇÃO ANIMAL | ||
| 773 | 0 |
_tNeotropical Entomology (Brazil) _xISSN 1519-566X _g(Oct-Dec 2002), v. 31(4) p. 601-607 _wBR0802254 |
|
| 909 |
_a202311 _bLúcia _c55 _dLúcia Elande |
||
| 942 |
_2AGRIS _n0 _cANA |
||
| 999 |
_c195265 _d195265 |
||